<?xml version="1.0" encoding="UTF-8"?>
<record
    xmlns:xsi="http://www.w3.org/2001/XMLSchema-instance"
    xsi:schemaLocation="http://www.loc.gov/MARC21/slim http://www.loc.gov/standards/marcxml/schema/MARC21slim.xsd"
    xmlns="http://www.loc.gov/MARC21/slim">

  <leader>06630njm a2200757Ia 4500</leader>
  <controlfield tag="001">A9776</controlfield>
  <controlfield tag="003">IT-RoPAU</controlfield>
  <controlfield tag="005">20220918181115.0</controlfield>
  <controlfield tag="008">131025s9999    xx            000 0 und d</controlfield>
  <datafield tag="040" ind1=" " ind2=" ">
    <subfield code="a">IT-RoPAU</subfield>
  </datafield>
  <datafield tag="040" ind1=" " ind2=" ">
    <subfield code="c">IT-RoPAU</subfield>
  </datafield>
  <datafield tag="999" ind1=" " ind2=" ">
    <subfield code="c">99303</subfield>
    <subfield code="d">99303</subfield>
  </datafield>
  <datafield tag="999" ind1=" " ind2=" ">
    <subfield code="b">n.d.</subfield>
  </datafield>
  <datafield tag="100" ind1=" " ind2=" ">
    <subfield code="a">AA.VV.</subfield>
    <subfield code="9">794</subfield>
  </datafield>
  <datafield tag="100" ind1=" " ind2=" ">
    <subfield code="e">Autore musica</subfield>
    <subfield code="9">28511</subfield>
  </datafield>
  <datafield tag="100" ind1=" " ind2=" ">
    <subfield code="g">Codice autore musica SPICS: 12000</subfield>
    <subfield code="9">796</subfield>
  </datafield>
  <datafield tag="245" ind1=" " ind2=" ">
    <subfield code="a">Blue Note Story (The). 1939-1950: The 78 Era</subfield>
  </datafield>
  <datafield tag="250" ind1=" " ind2=" ">
    <subfield code="a">2a ed.</subfield>
  </datafield>
  <datafield tag="260" ind1=" " ind2=" ">
    <subfield code="a">MILANO</subfield>
  </datafield>
  <datafield tag="260" ind1=" " ind2=" ">
    <subfield code="b">RUSCONI</subfield>
    <subfield code="c">1992 [1a Ed.:0]</subfield>
  </datafield>
  <datafield tag="300" ind1=" " ind2=" ">
    <subfield code="a">COMPACT DISC</subfield>
  </datafield>
  <datafield tag="300" ind1=" " ind2=" ">
    <subfield code="c">68 minuti (Testo: 0 pag.)</subfield>
  </datafield>
  <datafield tag="500" ind1=" " ind2=" ">
    <subfield code="a">Musica jazz. Cd fuori commercio allegato al n. 7 1992 della rivista "Musica jazz".</subfield>
  </datafield>
  <datafield tag="505" ind1=" " ind2=" ">
    <subfield code="a">The Sheik of Araby [(New York, 6 gennaio 1939) (Ammons Albert) (6:00)] - Blues For Tommy [(New York, 8 giugno 1939) (5:00)] - Reminiscing At Blue Note [(New York, 29 luglio 1939) (Hines Earl) (5:00)] - Holler Stomp [(New York, 19 dicembre 1939) (Johnson Pete) (4:00)] - Blues Without Words [(New York, 28 marzo 1940) (Bunn Teddy) (4:00)] - Jammin' In Four [(New York, 5 febbraio 1941) (Hall Edmond) (5:00)] - After You'Ve Gone [(New York, 4 marzo 1944) (Johnson James P.) (5:00)] - Gut Bucket Blues [(New York, 11 dicembre 1944) (3:00)] - Conversing In Blue [(New York, 31 gennaio 1945) (Morton Benny) (5:00)] - Blues For Clarinets[ (New York, 21 novembre 1945) (Hamilton Jimmy) (5:00)] - Tired [(New York, 28 gennaio 1946) (Hardee John) (4:00)] - Someone To Watch Over Me [(New York, 23 settembre 1946) (Gershwin George) (4:00)] - The Thin Man [(New York, 22 dicembre 1947) (Blakey Art) (3:00)] - Misterioso (New York, 2 luglio 1948) (Monk Thelonious) (4:00)] - Jahbero [(New York, 13 settembre 1948) (Dameron Tadd) (3:00)] - Workshop [(New York, 19 ottobre 1948) (Moody J.) (4:00)] - Dance of the Infidels [(New York, 9 agosto 1949) (Powell Bud) (3:00)] - Lo Flame [(New York, 23 gennaio 1950) (McGhee Howard) (3:00)]</subfield>
  </datafield>
  <datafield tag="511" ind1=" " ind2=" ">
    <subfield code="a">Ammons Albert: p; Lewis Meade Lux: p</subfield>
  </datafield>
  <datafield tag="511" ind1=" " ind2=" ">
    <subfield code="a">Newton Frank: tr; Higginbotham J.C.: trne; Bechet Sidney: sop: Lewis Meade Lux: p; Bunn Teddy: chit; Williams Johnny: cb; Catlett Sidney: batt; Port Of Harlem Seven</subfield>
  </datafield>
  <datafield tag="511" ind1=" " ind2=" ">
    <subfield code="a">Pianoforte</subfield>
  </datafield>
  <datafield tag="511" ind1=" " ind2=" ">
    <subfield code="a">Bunn Teddy; chit, voc</subfield>
  </datafield>
  <datafield tag="511" ind1=" " ind2=" ">
    <subfield code="a">Hall Edmond: cl; Lewis Meade Lux: celesta; Christian Charlie: chit; Crosby Esrael: cb; Edmond Hall Celeste Quartet</subfield>
  </datafield>
  <datafield tag="511" ind1=" " ind2=" ">
    <subfield code="a">De Paris Sidney: tr; Dickenson Vic: trne; Webster Ben: ten; Johnson James P.: p; Shirley Jimmy: chit; Simmons John: cb; Catlett Sidney: batt; J.P. Johnson Blue Note Jazzmen</subfield>
  </datafield>
  <datafield tag="511" ind1=" " ind2=" ">
    <subfield code="a">Kaminsky Max: tr; Mezzrow Mezz: cl; Hodes Art: p; Foster George "Pops": cb; Alvin Danny: batt; Art Hodes Blue Five</subfield>
  </datafield>
  <datafield tag="511" ind1=" " ind2=" ">
    <subfield code="a">Morton Benny: trne; Bigard Barney: cl; Webster Ben: ten; Benskin Sammy: p; Crosby Israel: cb; Dougherty Eddie: batt; Benny Morton's All Stars</subfield>
  </datafield>
  <datafield tag="511" ind1=" " ind2=" ">
    <subfield code="a">Nance Ray: tr; Chambers Henderson: trne; Hamilton Jimmy: cl; Hardwick Otto: cl; Carney Harry: bar, cl; Jones Jimmy: p; Pettiford Oscar: cb; Catlett Sidney: batt; J. Hamilton and the Duke's Men</subfield>
  </datafield>
  <datafield tag="511" ind1=" " ind2=" ">
    <subfield code="a">Hardee John: ten; Benskin Sammy: p; Grimes Tiny: chit; Simmons John: cb; Catlett Sidney: batt; John Hardee Swingtet</subfield>
  </datafield>
  <datafield tag="511" ind1=" " ind2=" ">
    <subfield code="a">Collins Lester "Shad": tr; Johnson Keg: trne; Quebec Ike: ten; Ramirez Roger: p; Collins John: chit; Hinton Milt: cb; Heard J.C.: batt; The Ike Quebec Swing Seven</subfield>
  </datafield>
  <datafield tag="511" ind1=" " ind2=" ">
    <subfield code="a">Dorham Kenny: tr; Bowe Howard: trne; Shihab Sahib: alto; Kaleem Musa: ten; Thompson Ernie: bar; Bishop Walter: p; Barker Laverne: cb; Blakey Art: batt; Art Blakey's Jazz Messangers</subfield>
  </datafield>
  <datafield tag="511" ind1=" " ind2=" ">
    <subfield code="a">Jackson Milt: vib; Monk Thelonious: p; Simmons John: cb; Wilson Shadow: batt; Thelonious Monk Quartet</subfield>
  </datafield>
  <datafield tag="511" ind1=" " ind2=" ">
    <subfield code="a">Navarro Fats: tr; Eager Allen: ten; Gray Wardell: ten; Dameron Tadd: p; Russell Curley: cb; Clarke Kenny: batt; Pozo Chano: bongo; Tadd Dameron Septet</subfield>
  </datafield>
  <datafield tag="511" ind1=" " ind2=" ">
    <subfield code="a">Burns Dave: tr; Wright Elmon: tr; Henry Ernie: alto; Moody James: ten; Payne Cecil: bar; Foreman James: p; Boyd Nelson: cb; Stewart Teddy: batt; Fuller Gil: arr</subfield>
  </datafield>
  <datafield tag="511" ind1=" " ind2=" ">
    <subfield code="a">Navarro Fats: tr; Rollins Sonny: ten; Powell Bud: p; Potter Tommy: cb; Haynes Roy: batt</subfield>
  </datafield>
  <datafield tag="511" ind1=" " ind2=" ">
    <subfield code="a">McGhee Howard: tr; Johnson J.J.: trne; Moore Brew: ten; Drew Kenny: p; Russell Curley: cb; Roach Max: batt</subfield>
  </datafield>
  <datafield tag="650" ind1=" " ind2=" ">
    <subfield code="a">JAZZ [COMPACT DISC]</subfield>
    <subfield code="e">Codice MATERIA SPICS: 9949</subfield>
    <subfield code="9">11822</subfield>
  </datafield>
  <datafield tag="700" ind1=" " ind2=" ">
    <subfield code="a">Smith</subfield>
    <subfield code="d">Codice autore musica SPICS: 20145</subfield>
    <subfield code="e">Autore musica</subfield>
    <subfield code="p">The Sheik of Araby</subfield>
    <subfield code="9">28512</subfield>
  </datafield>
  <datafield tag="700" ind1=" " ind2=" ">
    <subfield code="a">Wheeler</subfield>
    <subfield code="d">Codice autore SPICS: 20330</subfield>
    <subfield code="e">Autore</subfield>
    <subfield code="p">The Sheik of Araby</subfield>
    <subfield code="9">28513</subfield>
  </datafield>
  <datafield tag="700" ind1=" " ind2=" ">
    <subfield code="a">Snyder E.</subfield>
    <subfield code="d">Codice autore testo/musica SPICS: 14485</subfield>
    <subfield code="e">Autore testo/musica</subfield>
    <subfield code="p">The Sheik of Araby</subfield>
    <subfield code="9">28514</subfield>
  </datafield>
  <datafield tag="700" ind1=" " ind2=" ">
    <subfield code="a">Anonimo</subfield>
    <subfield code="d">Codice autore musica SPICS: 2620</subfield>
    <subfield code="e">Autore musica</subfield>
    <subfield code="p">Blues For Tommy</subfield>
    <subfield code="9">28515</subfield>
  </datafield>
  <datafield tag="700" ind1=" " ind2=" ">
    <subfield code="a">Hines Earl</subfield>
    <subfield code="d">Codice autore musica SPICS: 16156</subfield>
    <subfield code="e">Autore musica</subfield>
    <subfield code="p">Reminiscing At Blue Note</subfield>
    <subfield code="9">28516</subfield>
  </datafield>
  <datafield tag="700" ind1=" " ind2=" ">
    <subfield code="a">Johnson Pete</subfield>
    <subfield code="d">Codice autore musica SPICS: 16254</subfield>
    <subfield code="e">Autore musica</subfield>
    <subfield code="p">Holler Stomp</subfield>
    <subfield code="9">28517</subfield>
  </datafield>
  <datafield tag="700" ind1=" " ind2=" ">
    <subfield code="a">Bunn Teddy</subfield>
    <subfield code="d">Codice autore musica SPICS: 36812</subfield>
    <subfield code="e">Autore musica</subfield>
    <subfield code="p">Blues Without Words</subfield>
    <subfield code="9">28518</subfield>
  </datafield>
  <datafield tag="700" ind1=" " ind2=" ">
    <subfield code="a">Lewis Meade Lux</subfield>
    <subfield code="d">Codice autore musica SPICS: 16247</subfield>
    <subfield code="e">Autore musica</subfield>
    <subfield code="p">Jammin' In Four</subfield>
    <subfield code="9">28519</subfield>
  </datafield>
  <datafield tag="700" ind1=" " ind2=" ">
    <subfield code="a">Creamer H.</subfield>
    <subfield code="d">Codice autore musica SPICS: 16398</subfield>
    <subfield code="e">Autore musica</subfield>
    <subfield code="p">After You'Ve Gone</subfield>
    <subfield code="9">28520</subfield>
  </datafield>
  <datafield tag="700" ind1=" " ind2=" ">
    <subfield code="a">Layton T.</subfield>
    <subfield code="d">Codice autore SPICS: 16399</subfield>
    <subfield code="e">Autore</subfield>
    <subfield code="p">After You'Ve Gone</subfield>
    <subfield code="9">28521</subfield>
  </datafield>
  <datafield tag="700" ind1=" " ind2=" ">
    <subfield code="a">Armstrong Louis D.</subfield>
    <subfield code="d">Codice autore musica SPICS: 10718</subfield>
    <subfield code="e">Autore musica</subfield>
    <subfield code="p">Gut Bucket Blues</subfield>
    <subfield code="9">28522</subfield>
  </datafield>
  <datafield tag="700" ind1=" " ind2=" ">
    <subfield code="a">Morton Benny</subfield>
    <subfield code="d">Codice autore musica SPICS: 16281</subfield>
    <subfield code="e">Autore musica</subfield>
    <subfield code="p">Conversing In Blue</subfield>
    <subfield code="9">28523</subfield>
  </datafield>
  <datafield tag="700" ind1=" " ind2=" ">
    <subfield code="a">Hamilton Jimmy</subfield>
    <subfield code="d">Codice autore musica SPICS: 16159</subfield>
    <subfield code="e">Autore musica</subfield>
    <subfield code="p">Blues For Clarinets</subfield>
    <subfield code="9">28524</subfield>
  </datafield>
  <datafield tag="700" ind1=" " ind2=" ">
    <subfield code="a">Fisher</subfield>
    <subfield code="d">Codice autore musica SPICS: 20482</subfield>
    <subfield code="e">Autore musica</subfield>
    <subfield code="p">Tired</subfield>
    <subfield code="9">28525</subfield>
  </datafield>
  <datafield tag="700" ind1=" " ind2=" ">
    <subfield code="a">Roberts</subfield>
    <subfield code="d">Codice autore SPICS: 20497</subfield>
    <subfield code="e">Autore</subfield>
    <subfield code="p">Tired</subfield>
    <subfield code="9">28526</subfield>
  </datafield>
  <datafield tag="700" ind1=" " ind2=" ">
    <subfield code="a">Gershwin George</subfield>
    <subfield code="d">Codice autore musica SPICS: 10668</subfield>
    <subfield code="e">Autore musica</subfield>
    <subfield code="p">Someone To Watch Over Me</subfield>
    <subfield code="9">28527</subfield>
  </datafield>
  <datafield tag="700" ind1=" " ind2=" ">
    <subfield code="a">Gershwin Ira</subfield>
    <subfield code="d">Codice autore SPICS: 10501</subfield>
    <subfield code="e">Autore</subfield>
    <subfield code="p">Someone To Watch Over Me</subfield>
    <subfield code="9">28528</subfield>
  </datafield>
  <datafield tag="700" ind1=" " ind2=" ">
    <subfield code="a">Dorham Kenny</subfield>
    <subfield code="d">Codice autore musica SPICS: 36241</subfield>
    <subfield code="e">Autore musica</subfield>
    <subfield code="p">The Thin Man</subfield>
    <subfield code="9">28529</subfield>
  </datafield>
  <datafield tag="700" ind1=" " ind2=" ">
    <subfield code="a">Monk Thelonious</subfield>
    <subfield code="d">Codice autore musica SPICS: 10795</subfield>
    <subfield code="e">Autore musica</subfield>
    <subfield code="p">Misterioso</subfield>
    <subfield code="9">28530</subfield>
  </datafield>
  <datafield tag="700" ind1=" " ind2=" ">
    <subfield code="a">Dameron Tadd</subfield>
    <subfield code="d">Codice autore musica SPICS: 10526</subfield>
    <subfield code="e">Autore musica</subfield>
    <subfield code="p">Jahbero</subfield>
    <subfield code="9">28531</subfield>
  </datafield>
  <datafield tag="700" ind1=" " ind2=" ">
    <subfield code="a">Fuller Gil</subfield>
    <subfield code="d">Codice autore musica SPICS: 13022</subfield>
    <subfield code="e">Autore musica</subfield>
    <subfield code="p">Workshop</subfield>
    <subfield code="9">28532</subfield>
  </datafield>
  <datafield tag="700" ind1=" " ind2=" ">
    <subfield code="a">Powell Bud</subfield>
    <subfield code="d">Codice autore musica SPICS: 10500</subfield>
    <subfield code="e">Autore musica</subfield>
    <subfield code="p">Dance of the Infidels</subfield>
    <subfield code="9">28533</subfield>
  </datafield>
  <datafield tag="700" ind1=" " ind2=" ">
    <subfield code="a">Drew Kenny</subfield>
    <subfield code="d">Codice autore musica SPICS: 36818</subfield>
    <subfield code="e">Autore musica</subfield>
    <subfield code="p">Lo Flame</subfield>
    <subfield code="9">28534</subfield>
  </datafield>
  <datafield tag="942" ind1=" " ind2=" ">
    <subfield code="c">CD</subfield>
    <subfield code="2">ddc</subfield>
  </datafield>
  <datafield tag="952" ind1=" " ind2=" ">
    <subfield code="0">0</subfield>
    <subfield code="1">0</subfield>
    <subfield code="4">0</subfield>
    <subfield code="6">A_9776_000000000000000</subfield>
    <subfield code="7">1</subfield>
    <subfield code="a">SPICS</subfield>
    <subfield code="b">SPICS</subfield>
    <subfield code="d">2013-10-25</subfield>
    <subfield code="l">0</subfield>
    <subfield code="o">A9776</subfield>
    <subfield code="r">2013-10-25 00:00:00</subfield>
    <subfield code="w">2013-10-25</subfield>
    <subfield code="y">CD</subfield>
    <subfield code="z">Progr. Ins.: 407 / N.Vol.: 1 / Copie: 1 - Copia rara: n.d. / date import: 01.01.2014 - By Epidotti, Trombetti, Vaglietti</subfield>
  </datafield>
</record>
